[Event "VIII Wroclaw Open A 2013"]
[Site "Wroclaw POL"]
[Date "2013.07.02"]
[Round "2.2"]
[White "Cukrowski,F"]
[Black "Stachowiak,K"]
[Result "0-1"]
[WhiteElo "2175"]
[BlackElo "2477"]

1.e4 c5 2.c3 Nf6 3.e5 Nd5 4.d4 cxd4 5.Nf3 e6 6.cxd4 d6 7.Nc3 Nxc3 8.bxc3 Nc6
9.exd6 Qxd6 10.Bd3 Be7 11.O-O b6 12.a4 Bb7 13.Ba3 Qc7 14.Bxe7 Nxe7 15.Bb5+ Bc6
16.Ne5 O-O 17.Qb3 Bd5 18.c4 Bb7 19.c5 bxc5 20.Rfc1 Bd5 21.Qa3 Rfd8 22.Rxc5 Qd6
23.Bd3 f6 24.Nc4 Qf4 25.Qc3 Nc6 26.Rd1 Bxg2 27.Ne3 Bf3 28.Rxc6 Bxd1 29.Rxe6 Bf3
30.Qb3 Kh8 31.Re7 Rac8 32.Bc2 Rc7 33.Qd3 g6 34.Rxc7 Qxc7 35.d5 Qe5 36.h3 f5  0-1

[Event "2nd Arberopen 2013"]
[Site "Bayerisch Eisenstein GER"]
[Date "2013.07.03"]
[Round "5.4"]
[White "Karpatchev,A"]
[Black "Gschwendtner,S"]
[Result "1-0"]
[WhiteElo "2484"]
[BlackElo "2024"]

1.e4 c5 2.c3 Nf6 3.e5 Nd5 4.Nf3 Nc6 5.Bc4 e6 6.O-O d6 7.d4 cxd4 8.cxd4 Be7
9.Qe2 O-O 10.Rd1 Qc7 11.Bd2 Bd7 12.Nc3 Nxc3 13.Bxc3 dxe5 14.dxe5 Rfd8 15.Bd3 Be8
16.Qe4 g6 17.Qf4 Rd7 18.Be4 Rad8 19.Rxd7 Rxd7 20.h4 f5 21.Bc2 Nb4 22.Bxf5 gxf5
23.Bxb4 Bxb4 24.Qxb4 Bh5 25.Qb3 Rd5 26.Re1 Bxf3 27.Qxf3 Rd2 28.Qf4 Qd8 29.Qh6 Qd5
30.Re3 Rd4 31.f4 Rd1+ 32.Kh2 Rd2 33.Rg3+  1-0

[Event "41st TCh-GRE"]
[Site "Rio (Achaia) GRE"]
[Date "2013.07.03"]
[Round "3.4"]
[White "Kalaitzoglou,P"]
[Black "Tsomis,D"]
[Result "1-0"]
[WhiteElo "2144"]
[BlackElo "2080"]

1.e4 c5 2.c3 Nf6 3.e5 Nd5 4.d4 cxd4 5.Nf3 e6 6.cxd4 d6 7.Bc4 Nc6 8.O-O Be7
9.Qe2 O-O 10.Qe4 Qc7 11.Re1 Ndb4 12.exd6 Qxd6 13.Nc3 Na5 14.Bf1 f5 15.Qb1 a6
16.Bd2 Nac6 17.a3 Nd5 18.Bc4 Bf6 19.Qa2 Nce7 20.Rac1 Bd7 21.Nxd5 Nxd5 22.Bxd5 Qxd5
23.Qxd5 exd5 24.Rc7 Bc6 25.Bg5 Rae8 26.Bxf6 Rxe1+ 27.Nxe1 gxf6 28.h3 Re8
29.Nd3 Re4 30.Nb4 Rxd4 31.Nxc6 bxc6 32.Rxc6 a5 33.Rxf6 f4 34.Kf1 Rd2 35.b4 axb4
36.axb4 Rd4 37.b5 Kg7 38.Rd6 Kf7 39.Ke2 Ke7 40.Rh6 Rb4 41.b6 Kd8 42.Kf3 Kc8
43.Rxh7 Rxb6 44.Kxf4 Re6 45.Rh5 Re4+ 46.Kf3 Rd4 47.Ke3 Rd1 48.Rh7 Kd8 49.g3 Ke8
50.h4 d4+ 51.Ke2 Ra1 52.Rb7 Ra2+ 53.Kd3 Rxf2 54.Kxd4 Rf3 55.Rg7 Kf8 56.Rg5 Rf1
57.Ke5 Ra1 58.Kf5 Kf7 59.Kg4 Ra4+ 60.Kh5 Ra3 61.g4 Ra8 62.Rb5 Ra7 63.g5 Kg7
64.g6 Rc7 65.Kg5 Rc1 66.Rb7+ Kg8 67.h5 Rc8 68.h6 Rc5+ 69.Kf6 Rc6+ 70.Kf5 Rc5+
71.Ke4 Rc4+ 72.Kd5 Rc8 73.Rd7 Ra8 74.Ke6 Ra6+ 75.Rd6 Ra8 76.Ke7  1-0

[Event "Karvina Open 2013"]
[Site "Karvina CZE"]
[Date "2013.07.04"]
[Round "6.6"]
[White "Mroziak,M"]
[Black "Jaworski,Mi"]
[Result "1/2-1/2"]
[WhiteElo "2169"]
[BlackElo "2287"]

1.e4 c5 2.c3 Nf6 3.e5 Nd5 4.d4 cxd4 5.cxd4 e6 6.Nf3 d6 7.Bc4 Nb6 8.Bd3 dxe5
9.dxe5 Na6 10.O-O Nc5 11.Be2 Qxd1 12.Rxd1 Bd7 13.Nc3 Rc8 14.Be3 a6 15.Rac1 Be7
16.h3 f6 17.b3 Rf8  1/2-1/2

[Event "4th ch-Vojvodina Int"]
[Site "Novi Sad SRB"]
[Date "2013.07.04"]
[Round "9.8"]
[White "Rogac,S"]
[Black "Dimic,P"]
[Result "1-0"]
[WhiteElo "2322"]
[BlackElo "2218"]

1.e4 c5 2.c3 Nf6 3.e5 Nd5 4.g3 d6 5.exd6 e6 6.Bg2 Bxd6 7.Nf3 Nc6 8.O-O O-O
9.Na3 Be7 10.Nc2 Qc7 11.d4 cxd4 12.Ncxd4 Nxd4 13.Nxd4 Bd7 14.Qe2 Bf6 15.Rd1 Rac8
16.Qh5 h6 17.Nf5 Bc6 18.c4 Nb6 19.Bf4 e5 20.Bxc6 exf4 21.Bd5 Bxb2 22.Rab1 Be5
23.Qg4 Kh7 24.gxf4 Bf6 25.Be4 g6 26.Nd6 Rcd8 27.c5 Qxc5 28.Nxf7 Rxd1+ 29.Rxd1 Rg8
30.Rd6 Qc1+ 31.Kg2 Qc4 32.Re6 Nd5 33.f5 Nf4+ 34.Qxf4 gxf5+ 35.Kf3 fxe4+ 36.Qxe4+ Qxe4+
37.Kxe4 Rg6 38.Nd6 Kg7 39.f4 Rg2 40.Kf5 Bh4 41.a4 Rxh2 42.Rg6+ Kh7 43.Nxb7 Rb2
44.Nc5 Rb6 45.Ne6 Bf2 46.Rg7+ Kh8 47.Rxa7 Rd6 48.Re7 Bh4 49.Rc7 Ra6 50.Nc5 Rf6+
51.Ke5 Rf8 52.Rc6 Kh7 53.a5 Bg3 54.Ne6 Ra8 55.a6 h5 56.Kf5 h4 57.Ng5+ Kh8
58.Kg4 Rf8 59.f5 Bf2 60.f6 Bd4 61.Ne4 Kh7 62.Ng5+ Kh8 63.Kf5 Be3 64.Ne6 h3
65.Nxf8 h2 66.Ng6+ Kh7 67.Rc8  1-0

[Event "41st TCh-GRE"]
[Site "Rio (Achaia) GRE"]
[Date "2013.07.04"]
[Round "4.8"]
[White "Pappelis,D"]
[Black "Poulopoulos,I"]
[Result "1/2-1/2"]
[WhiteElo "2063"]
[BlackElo "2066"]

1.e4 c5 2.c3 Nf6 3.e5 Nd5 4.g3 Nc6 5.Bg2 e6 6.Nf3 d6 7.exd6 Bxd6 8.O-O O-O
9.d4 b5 10.a4 bxa4 11.c4 Ndb4 12.Nc3 Bb7 13.Rxa4 a5 14.Nb5 Rc8 15.Be3 Nxd4
16.Nfxd4 Bxg2 17.Nxe6 fxe6 18.Kxg2 Be5 19.Qxd8 Rfxd8 20.Rxa5 Nc2 21.Bg5 Rd7
22.Ra6 Kf7 23.Rb6 h6 24.Bf4 Bxf4 25.gxf4 Rcd8 26.Rc6 Rd2 27.Kg1 Nd4 28.Nxd4 R8xd4
29.Rxc5 Rxb2 30.f5 exf5 31.Rxf5+ Kg6 32.Rc5  1/2-1/2

[Event "e2e4 Sunningdale July Open"]
[Site "Ascot ENG"]
[Date "2013.07.06"]
[Round "3"]
[White "Collins,S IRL"]
[Black "Adair,J"]
[Result "1/2-1/2"]
[WhiteElo "2465"]
[BlackElo "2350"]

1.e4 c5 2.c3 Nf6 3.e5 Nd5 4.Nf3 e6 5.d4 cxd4 6.cxd4 d6 7.Bc4 Be7 8.O-O O-O
9.Re1 b6 10.Bxd5 exd5 11.Nc3 Be6 12.exd6 Qxd6 13.Bg5 Nc6 14.Bxe7 Nxe7 15.Ne5 Rfc8
16.Qa4 Nf5 17.Rac1 a6 18.Ne2 b5 19.Qd1 Rxc1 20.Nxc1 Qb4 21.Nb3 Rc8 22.a3 Qd6
23.Qd2 f6 24.Nf3 Bf7 25.Rc1 Rc4 26.Na5 Rc7 27.Rc3 Bh5 28.h3 Bxf3 29.gxf3 Nh4
30.Nb3 Qe6 31.Qe3  1/2-1/2

[Event "e2e4 Sunningdale July Open"]
[Site "Ascot ENG"]
[Date "2013.07.07"]
[Round "5"]
[White "Collins,S IRL"]
[Black "Bonafont,P"]
[Result "1-0"]
[WhiteElo "2465"]
[BlackElo "2084"]

1.e4 c5 2.c3 Nf6 3.e5 Nd5 4.Nf3 Nc6 5.Bc4 Nb6 6.Bb3 d5 7.exd6 Qxd6 8.Na3 Bf5
9.d4 cxd4 10.Nb5 Qd8 11.Bf4 Rc8 12.Nfxd4 Nxd4 13.Nxd4 Bg6 14.Qf3 e6 15.O-O-O Qf6
16.Rhe1 Be7 17.g4 Qh4 18.Bxe6 fxe6 19.Nxe6 Qf6 20.g5 Qf7 21.Re3 Rc6 22.Nc7+ Rxc7
23.Bxc7 O-O 24.Qxf7+ Rxf7 25.f4 Nc4 26.Ree1 Bc5 27.Re8+ Rf8 28.Rxf8+ Kxf8
29.Rd8+ Ke7 30.Rg8 Kf7 31.Rb8 Be4 32.b3 Bd6 33.Bxd6 Nxd6 34.c4 Ke6 35.Rg8 Kf7
36.Ra8 a6 37.Kd2 Nf5 38.b4 Ke7 39.a4 Kd7 40.Rh8 h6 41.Rg8 Ke7 42.a5 hxg5
43.fxg5 Kd7 44.Kc3 Ke7 45.b5 axb5 46.cxb5 Kd6 47.a6 bxa6 48.bxa6  1-0

[Event "St. Pauli Open 2013"]
[Site "Hamburg GER"]
[Date "2013.07.07"]
[Round "2.46"]
[White "Kololli,Martin"]
[Black "Manthey,Juergen"]
[Result "1-0"]
[WhiteElo "1944"]
[BlackElo "2076"]

1.e4 c5 2.c3 Nf6 3.e5 Nd5 4.d4 cxd4 5.Nf3 Nc6 6.cxd4 d6 7.Bc4 dxe5 8.Nxe5 e6
9.O-O Be7 10.Re1 O-O 11.Bb3 Qc7 12.Bc2 Nxd4 13.Bxh7+ Kxh7 14.Qxd4 Bf6 15.Nc3 Nxc3
16.bxc3 Rd8 17.Qe4+ Kg8 18.Bf4 Qa5 19.Rad1 Be7 20.Rxd8+ Qxd8 21.Qf3 Qd5 22.Qh5 g6
23.Qg4 Bf6 24.Rd1 Qa5 25.Nxg6 fxg6 26.Qxg6+  1-0

[Event "EY Boys Teams 2013"]
[Site "Maribor SLO"]
[Date "2013.07.07"]
[Round "2"]
[White "Ostovic,M"]
[Black "Seidl,S"]
[Result "1/2-1/2"]
[WhiteElo "2316"]
[BlackElo "2202"]

1.e4 c5 2.c3 Nf6 3.e5 Nd5 4.d4 e6 5.Nf3 cxd4 6.cxd4 Nc6 7.Bc4 d6 8.O-O Be7
9.Qe2 O-O 10.Nc3 Nxc3 11.bxc3 dxe5 12.dxe5 Qc7 13.Qe4 b6 14.Bd3 g6 15.Bh6 Rd8
16.Rad1 Bb7 17.Qf4 Na5 18.Ng5 f5 19.Bb5 Rxd1 20.Rxd1 Rd8 21.Qa4 Rxd1+ 22.Qxd1 Bd5
23.Qc1 Nc4 24.Be8 Qxe5 25.Bf7+ Kh8 26.h4 Nd6 27.c4 Bxg5 28.Bxg5 Nxf7 29.cxd5 Nxg5
30.Qc8+ Kg7 31.hxg5 exd5 32.Qd7+ Kg8 33.Qc8+ Kf7 34.Qd7+ Kg8 35.Qc8+ Kg7
36.Qb7+ Kg8 37.Qa8+ Kf7 38.Qxa7+ Qe7 39.Qxb6 Qxg5 40.Qb7+ Ke8 41.Qc6+ Kf8
42.a4 Qd2 43.Qc5+ Kf7 44.Qc7+ Kf8 45.Qd6+ Kf7 46.Qd7+ Kf8 47.g3 d4 48.Qd8+ Kg7
49.a5 d3 50.Qe7+ Kh6 51.Qh4+ Kg7 52.Qe7+ Kh6 53.a6 Qc1+ 54.Kh2 d2 55.Qe3+ Kg7
56.Qe5+ Kf7 57.Qd5+ Kg7 58.Qd4+ Kf7 59.Qd7+ Kf6  1/2-1/2

[Event "11th Niki Open 2013"]
[Site "Nachod CZE"]
[Date "2013.07.07"]
[Round "9.22"]
[White "Kracik,M"]
[Black "Koci,L"]
[Result "1/2-1/2"]
[WhiteElo "1866"]
[BlackElo "1966"]

1.e4 c5 2.c3 Nf6 3.e5 Nd5 4.d4 cxd4 5.cxd4 d6 6.exd6 Qxd6 7.Nc3 a6 8.Nf3 Nc6
9.Bc4 Be6 10.Qb3 O-O-O 11.Bxd5 Bxd5 12.Nxd5 Qxd5 13.Qxd5 Rxd5 14.O-O Nxd4
15.Nxd4 Rxd4 16.Be3 Rc4 17.Rfc1 Rc6 18.Rxc6+ bxc6 19.Rc1 Kb7 20.Rc3 e5 21.Rb3+ Kc7
22.Rb6 a5 23.Ra6 Be7 24.Rxa5 Rb8 25.Ra7+ Rb7 26.Rxb7+ Kxb7 27.Kf1 Kc7 28.Ke2 Kd6
29.Kd3 Kd5 30.f3 f5 31.h3  1/2-1/2

[Event "V4 Int Open ch-SVK 2013"]
[Site "Banska Stiavnica SVK"]
[Date "2013.07.08"]
[Round "3.26"]
[White "Jedrocha,Katarzyna"]
[Black "Sturc,J"]
[Result "1-0"]
[WhiteElo "1676"]
[BlackElo "1999"]

1.e4 c5 2.c3 Nf6 3.e5 Nd5 4.d4 cxd4 5.cxd4 e6 6.Nf3 Nc6 7.a3 d6 8.Bd3 Qa5+
9.Qd2 dxe5 10.Qxa5 Nxa5 11.Bb5+ Ke7 12.Nbd2 a6 13.Bd3 exd4 14.Nxd4 g6 15.b4 Nc6
16.Nxc6+ bxc6 17.Bb2 Rg8 18.Nc4 Bd7 19.Rc1 Bh6 20.Rd1 Rgd8 21.g3 f6 22.O-O e5
23.Bc1 Bg7 24.Na5 Kf7 25.Bc4 Be8 26.Nb7 Rd7 27.Nc5 Rdd8 28.Nxa6 Kf8 29.Bxd5 cxd5
30.Nc7 Ra7 31.Ne6+ Ke7 32.Nxd8 Kxd8 33.Rxd5+ Kc8 34.Rc5+ Kb7 35.Rd1 Bf8 36.Rc3 Be7
37.Be3 Ra8 38.Bc5 Bd8 39.Rcd3 Bc7 40.Be7 f5 41.Bd6 e4 42.Rc3 Bb6 43.Bc5 Bc7
44.f3 Ba4 45.Re1 exf3 46.Rxf3 Bc6 47.Rd3 Bb5 48.Rc3 Rd8 49.Rce3 Rd2 50.Re7 h5
51.R7e6 g5 52.Rg6 g4 53.Rh6 f4 54.gxf4 Bc6 55.Bf2 Bxf4 56.Rxh5 g3 57.hxg3 Bxg3
58.Re7+  1-0

[Event "St. Pauli Open 2013"]
[Site "Hamburg GER"]
[Date "2013.07.08"]
[Round "3.43"]
[White "Winnicki,A"]
[Black "Baberz,Alexander"]
[Result "0-1"]
[WhiteElo "2062"]
[BlackElo "1835"]

1.e4 c5 2.c3 Nf6 3.e5 Nd5 4.d4 cxd4 5.cxd4 Nc6 6.Nc3 e6 7.Nf3 d6 8.Bg5 Nxc3
9.bxc3 Qa5 10.Bd2 dxe5 11.c4 Bb4 12.d5 e4 13.dxc6 exf3 14.Qxf3 Qe5+ 15.Be2 Bxd2+
16.Kxd2 Qa5+ 17.Ke3 O-O 18.Bd3 Qe5+ 19.Kd2 bxc6 20.Rab1 Qd4 21.Qe2 Rd8 22.Qe4 Qxf2+
23.Kc3 f5 24.Qe5 Qxa2 25.Rhd1 a5 26.Bxf5 Rxd1 27.Bxe6+ Bxe6 28.Qxe6+ Kh8
29.Rxd1 Rb8 30.Re1 Qb2+ 31.Kd3 Rd8+ 32.Ke3 Qd2+  0-1

[Event "36th Barbera Open"]
[Site "Barbera del Valles ESP"]
[Date "2013.07.09"]
[Round "6.17"]
[White "Bivol,A"]
[Black "Anurag,M"]
[Result "0-1"]
[WhiteElo "2207"]
[BlackElo "2418"]

1.e4 c5 2.c3 Nf6 3.e5 Nd5 4.d4 cxd4 5.Nf3 e6 6.cxd4 b6 7.Nc3 Nxc3 8.bxc3 Qc7
9.Bd2 Be7 10.Bd3 Ba6 11.Bxa6 Nxa6 12.O-O Rc8 13.c4 O-O 14.Rc1 d6 15.exd6 Qxd6
16.Qe2 Bf6 17.Rfd1 Qa3 18.Bg5 Bxg5 19.Nxg5 h6 20.Ne4 Rfd8 21.Rc3 Qa4 22.g4 Nc5
23.Nxc5 Rxc5 24.Rd2 Rc7 25.g5 Qa5 26.Rg3 hxg5 27.d5 Rxc4 28.Rxg5 Qb4 29.a3 Qb1+
30.Kg2 Qe4+ 31.Qxe4 Rxe4 32.d6 Rc4 33.Rg3 Rd7 34.Rgd3 f6 35.f4 Rxf4 36.Rc3 Kf7
37.Rc7 Rxc7 38.dxc7 Rc4 39.Rd7+ Kg6 40.a4 e5 41.Kf3 a6 42.Ke3 b5 43.Kf3 e4+
44.Ke3 bxa4 45.Rd4 Rxc7 46.Rxe4 Rc3+ 47.Kf2 a3 48.Ra4 Rc2+ 49.Kg3 Ra2 50.Rxa6 Ra1
51.Kg2 a2 52.Ra5 f5 53.h3 f4 54.Ra6+ Kh7  0-1

[Event "6th ch-Cent SRB Int 2013"]
[Site "Paracin SRB"]
[Date "2013.07.09"]
[Round "6.29"]
[White "Todic,Z"]
[Black "Lazov,Toni"]
[Result "1/2-1/2"]
[WhiteElo "2275"]
[BlackElo "1921"]

1.e4 c5 2.c3 Nf6 3.e5 Nd5 4.d4 cxd4 5.Qxd4 e6 6.Bc4 Nc6 7.Qe4 d6 8.Nf3 dxe5
9.Nxe5 Bd6 10.Nf3 Nf6 11.Qe2 O-O 12.Bg5 h6 13.Bh4 Be7 14.Nbd2 Nd5 15.Bg3 b6
16.O-O-O Na5 17.Bd3 Bd7 18.Nb3 Rc8 19.Ne5 Ba3 20.Bc2 Rxc3 21.bxa3 Qe7 22.Kb2 Rfc8
23.Bb1 Nxb3 24.axb3 Ba4 25.Rd3 Bxb3 26.Rxc3 Rxc3 27.Rc1 Rxc1 28.Kxc1 Qc5+
29.Bc2 Qxa3+ 30.Kd2 Qa5+ 31.Kc1 Qa1+ 32.Kd2 Qa5+ 33.Kc1 Qa1+ 34.Kd2 Qa5+  1/2-1/2

[Event "3rd SPAChess Open"]
[Site "Amsterdam NED"]
[Date "2013.07.10"]
[Round "5.18"]
[White "Van der Lende,I"]
[Black "Zimmermann,L"]
[Result "1/2-1/2"]
[WhiteElo "2198"]
[BlackElo "2087"]

1.e4 c5 2.c3 Nf6 3.e5 Nd5 4.d4 cxd4 5.Nf3 Nc6 6.cxd4 d6 7.Bc4 Nb6 8.Bb5 dxe5
9.Nxe5 Bd7 10.Nxd7 Qxd7 11.Nc3 Rd8 12.O-O e6 13.a4 Be7 14.a5 Nd5 15.a6 O-O
16.axb7 Qxb7 17.Bxc6 Qxc6 18.Rxa7 Bb4 19.Ne4 e5 20.Bg5 f6 21.Bh6 Rf7 22.Rxf7 Kxf7
23.Bc1 Qc4 24.Qf3 exd4 25.Ng5+ Kg8 26.Ne6 Rd7 27.Rd1 Nb6 28.Qg4 d3 29.Qxc4 Nxc4
30.b3 Na5 31.Be3 Nxb3 32.g3 d2 33.Kf1 g5 34.Ke2 Kf7 35.Nxg5+ fxg5 36.Bxg5 Rc7
37.Be3 Rc1 38.h4 Rxd1 39.Kxd1 Ke6 40.g4 Kd5 41.h5 Ke4 42.g5 Kf5 43.Kc2 Ba5
44.Kd1 Bc3 45.Kc2 Bb4 46.Kd1 Be7 47.g6 hxg6 48.hxg6 Kxg6 49.Bxd2  1/2-1/2

[Event "2nd Ideon Andron Open 2013"]
[Site "Anogia GRE"]
[Date "2013.07.10"]
[Round "1.3"]
[White "Mardoyan Ararat,T. Artur"]
[Black "Pap,M"]
[Result "0-1"]
[WhiteElo "1430"]
[BlackElo "2489"]

1.e4 c5 2.c3 Nf6 3.e5 Nd5 4.d4 cxd4 5.cxd4 d6 6.Nf3 e6 7.Bc4 Nc6 8.O-O Be7
9.Bxd5 exd5 10.exd6 Qxd6 11.Re1 Bg4 12.Be3 O-O 13.Nbd2 Bf6 14.Qb3 h6 15.Rac1 b6
16.Rc3 Na5 17.Qc2 Rac8 18.h3 Rxc3 19.bxc3 Be6 20.Nb3 Nc4 21.Bc1 Rc8 22.Nbd2 Qc7
23.Nb3 Nd6 24.Bb2 a5 25.Rc1 Bf5 26.Qe2 Re8 27.Qf1 Nc4 28.Ba1 Qf4 29.Re1 Re4
30.Rxe4 Bxe4 31.Nh2 a4 32.Nc1 Qd2 33.f3 Ne3  0-1

[Event "IsBank TCh-TUR 2013"]
[Site "Denizli TUR"]
[Date "2013.07.10"]
[Round "13.4"]
[White "Uzunoglu,E"]
[Black "Yener,C"]
[Result "1-0"]
[WhiteElo "2053"]
[BlackElo "1944"]

1.e4 c5 2.c3 Nf6 3.e5 Nd5 4.d4 cxd4 5.cxd4 e6 6.Nf3 Nc6 7.Bc4 d6 8.O-O Be7
9.Qe2 Bd7 10.Nc3 Nxc3 11.bxc3 dxe5 12.dxe5 Qc7 13.Bd3 Rc8 14.Qe4 Na5 15.Qg4 Kf8
16.Bg5 Ba3 17.Rab1 Qxc3 18.Bb5 Bxb5 19.Rxb5 Qc4 20.Qxc4 Nxc4 21.Rxb7 h6 22.Bc1 Bc5
23.Rd1 Na5 24.Rb5 Bb6 25.Be3 Bxe3 26.fxe3 Nc4 27.Rb7 g5 28.Rdd7 Rh7 29.Rdc7 Rxc7
30.Rxc7 Nxe3 31.Rxa7 Kg7 32.Kf2 Nd5 33.Nd4 Kg6 34.Ra8 Nf4 35.Rg8+ Rg7 36.Rxg7+ Kxg7
37.Kf3 Nd3 38.Nc6 Nc5 39.Ke3 f6 40.Kd4 Nd7 41.a4 Kg6 42.a5 Kf5 43.exf6 Kxf6
44.a6 e5+ 45.Kd5 Nb6+ 46.Ke4 Nd7 47.a7 Nb6 48.Nxe5 Ke6 49.Nc4 Na8 50.Kd4 Nc7
51.Kc5 Kd7 52.Nb6+  1-0

[Event "St. Pauli Open 2013"]
[Site "Hamburg GER"]
[Date "2013.07.10"]
[Round "5.4"]
[White "Gruenter,M"]
[Black "Gutman,L"]
[Result "0-1"]
[WhiteElo "2248"]
[BlackElo "2455"]

1.e4 c5 2.c3 Nf6 3.e5 Nd5 4.d4 cxd4 5.Nf3 d6 6.Qxd4 e6 7.Nbd2 Nc6 8.Bb5 f6
9.exf6 Nxf6 10.Nc4 Be7 11.Be3 O-O 12.Qd3 d5 13.Nce5 Qc7 14.Bd4 Nxd4 15.Qxd4 Bc5
16.Qa4 Ne4 17.Nd3 a6 18.Nd4 axb5 19.Qxa8 Bd7 20.Qxf8+ Kxf8 21.O-O e5 22.Nxc5 Nxc5  0-1

[Event "St. Pauli Open 2013"]
[Site "Hamburg GER"]
[Date "2013.07.10"]
[Round "6.19"]
[White "Kock,S"]
[Black "Gruenter,M"]
[Result "1-0"]
[WhiteElo "2100"]
[BlackElo "2248"]

1.e4 c5 2.c3 Nf6 3.e5 Nd5 4.d4 cxd4 5.Nf3 e6 6.cxd4 b6 7.Bd3 Ba6 8.O-O Bxd3
9.Qxd3 Be7 10.Nc3 Nxc3 11.Qxc3 Nc6 12.d5 exd5 13.Rd1 Rc8 14.Qb3 d4 15.Nxd4 Nxe5
16.Re1 Ng6 17.Bg5 Rc5 18.Bxe7 Nxe7 19.Qe3 d6 20.Re2 Re5 21.Qf3 O-O 22.Rd2 Qc7
23.Rad1 Rd8 24.a4 a6 25.Qd3 Qb7 26.f4 Rd5 27.Qf3 Qd7 28.f5 Re5 29.f6 gxf6
30.Qxf6 Nd5 31.Qf3 Ne3 32.Rc1 Rde8 33.Rc6 Nd5 34.Rc1 Ne3 35.Nc6 R5e6 36.Nd4 Re4
37.b3 Ng4 38.Rdd1 Re3 39.Qf4 R3e4 40.Qg5+ Kh8 41.h3 R8e5 42.Qh4 Ne3 43.Qf6+ Kg8
44.Rd3 b5 45.axb5 axb5 46.b4 Rd5 47.Rcc3 Nc4 48.Qh6 Ne5 49.Qg5+ Kf8 50.Nf5 Qa7+
51.Kh2 Ng6 52.Rc8+ Re8 53.Qh6+  1-0

[Event "Universiade Women"]
[Site "Kazan RUS"]
[Date "2013.07.10"]
[Round "2.4"]
[White "Mamedjarova,T"]
[Black "Munguntuul,B"]
[Result "0-1"]
[WhiteElo "2267"]
[BlackElo "2452"]

1.e4 c5 2.c3 Nf6 3.e5 Nd5 4.d4 cxd4 5.cxd4 e6 6.Bc4 d6 7.Nf3 Be7 8.O-O O-O
9.Nc3 Nxc3 10.bxc3 Nc6 11.exd6 Qxd6 12.Qe2 b6 13.Bd3 Bb7 14.Qe4 g6 15.Bf4 Qd7
16.Qe2 Rac8 17.Rfe1 Bf6 18.Bb5 Qd5 19.Rac1 Na5 20.Be5 Bxe5 21.Qxe5 Qxa2 22.c4 Nxc4
23.Bxc4 Rxc4 24.Ra1 Qb2 25.d5 Qxe5 26.Nxe5 Rd4 27.dxe6 fxe6 28.Rxa7 Bd5 29.h3 b5
30.Rc1 Bc4 31.Rc7 Rd2 32.Ra1 Rfxf2 33.Ra8+ Rf8 34.Raa7 Rf1+ 35.Kh2 Bd5 36.Nf3 Rxf3
37.Rg7+ Kf8 38.Rxh7 Ke8 39.Rhe7+ Kd8  0-1

[Event "3rd SPAChess Open"]
[Site "Amsterdam NED"]
[Date "2013.07.11"]
[Round "6.21"]
[White "Zimmermann,L"]
[Black "Polak,I"]
[Result "0-1"]
[WhiteElo "2087"]
[BlackElo "2163"]

1.e4 c5 2.c3 Nf6 3.e5 Nd5 4.d4 cxd4 5.Nf3 e6 6.cxd4 d6 7.a3 Nc6 8.Bd3 dxe5
9.dxe5 g6 10.O-O Bg7 11.Re1 O-O 12.Bd2 Qc7 13.Qe2 Rd8 14.Bb5 Bd7 15.Nc3 Nxc3
16.Bxc3 Rac8 17.Rad1 a6 18.Bd3 Ne7 19.Be4 Bc6 20.Bxc6 Nxc6 21.g3 Rxd1 22.Rxd1 Rd8
23.Rxd8+ Qxd8 24.Ne1 Qd5 25.f4 Bf8 26.Nd3 Qc4 27.Kf2 Bxa3 28.h4 Bc5+ 29.Nxc5 Qxc5+
30.Qe3 Qxe3+ 31.Kxe3 Kf8 32.g4 h5 33.gxh5 gxh5 34.f5 Ne7 35.Bb4 Ke8 36.fxe6 Nd5+  0-1

[Event "3rd SPAChess Open"]
[Site "Amsterdam NED"]
[Date "2013.07.11"]
[Round "6.14"]
[White "In 't Veld,D"]
[Black "Vereggen,L"]
[Result "1-0"]
[WhiteElo "2232"]
[BlackElo "2116"]

1.e4 c5 2.c3 Nf6 3.e5 Nd5 4.d4 cxd4 5.Nf3 Nc6 6.Bc4 Nb6 7.Bb3 d6 8.exd6 Qxd6
9.O-O g6 10.Ng5 e6 11.Qf3 Qe7 12.Ne4 f5 13.Ng5 Bg7 14.Re1 e5 15.Qg3 Bf6 16.Na3 dxc3
17.Nb5 a6 18.Nxc3 h6 19.Nf7 Rf8 20.Nxe5 Bxe5 21.Bf4 Nd7 22.Nd5 Qd6 23.Rad1 g5
24.Bxe5 Ncxe5 25.Qc3 Kd8 26.Qa5+ b6 27.Nxb6 Qc7 28.Qb4 Re8 29.Nxa8 Qc6 30.Qa5+  1-0

[Event "V4 Int Open ch-SVK 2013"]
[Site "Banska Stiavnica SVK"]
[Date "2013.07.11"]
[Round "6.12"]
[White "Gunajew,R"]
[Black "Manik,M"]
[Result "1-0"]
[WhiteElo "2294"]
[BlackElo "2412"]

1.e4 c5 2.c3 Nf6 3.e5 Nd5 4.Nf3 g6 5.Bc4 Nb6 6.Bb3 c4 7.Bc2 d6 8.Qe2 Nc6
9.exd6 Qxd6 10.Na3 Qc5 11.b4 cxb3 12.axb3 Bg7 13.O-O O-O 14.Bb2 Bg4 15.h3 Bxf3
16.Qxf3 e5 17.b4 Qd6 18.b5 Nd8 19.Rfd1 f5 20.d3 Qe6 21.Nc4 Nxc4 22.Bb3 e4
23.Qe2 Kh8 24.Bxc4 Qb6 25.dxe4 fxe4 26.Bd5 Ne6 27.c4 Nc5 28.Bxg7+ Kxg7 29.Qe3 Rae8
30.Ra2 Rf6 31.Re2 a6 32.bxa6 bxa6 33.Qd4 Rd8 34.Rb2 Qd6 35.Rdb1 Qc7 36.Rb6 Rd6
37.Rb8 Ne6 38.Qe5 Rb6 39.Qxc7+  1-0

[Event "EY Girls Teams 2013"]
[Site "Maribor SLO"]
[Date "2013.07.11"]
[Round "6"]
[White "Vidic,Teja"]
[Black "Trippold,Denise"]
[Result "1-0"]
[WhiteElo "1892"]
[BlackElo "1794"]

1.e4 c5 2.c3 Nf6 3.e5 Nd5 4.d4 cxd4 5.Nf3 Nc6 6.cxd4 d6 7.Bc4 dxe5 8.Nxe5 e6
9.O-O Be7 10.Re1 O-O 11.Nc3 Nxe5 12.Rxe5 Bf6 13.Re4 Qd6 14.Rg4 Nb6 15.Bd3 e5
16.Rg3 exd4 17.Ne4 Qc6 18.Nxf6+ Qxf6 19.Bg5 Qd6 20.Qh5 g6 21.Qh4 Re8 22.Bf6 Nd5
23.Bxd4 Nf4 24.Bc3 Nxd3 25.Rxd3 Qc5 26.Qf6  1-0

[Event "EY Girls Teams 2013"]
[Site "Maribor SLO"]
[Date "2013.07.11"]
[Round "6"]
[White "Hoare,Amy B"]
[Black "Obolentseva,Alexandra"]
[Result "1-0"]
[WhiteElo "1873"]
[BlackElo "1994"]

1.e4 c5 2.c3 Nf6 3.e5 Nd5 4.d4 cxd4 5.Nf3 e6 6.cxd4 b6 7.Bd3 Bb7 8.O-O Na6
9.a3 d6 10.Bxa6 Bxa6 11.Qa4+ b5 12.Qxa6  1-0

[Event "Commonwealth & RSA Open"]
[Site "Port Elizabeth RSA"]
[Date "2013.07.11"]
[Round "8.39"]
[White "Selkirk,Rebecca"]
[Black "Bornheim,C"]
[Result "0-1"]
[WhiteElo "1612"]
[BlackElo "1974"]

1.e4 c5 2.c3 Nf6 3.e5 Nd5 4.Nf3 Nc6 5.Bc4 e6 6.O-O Nb6 7.Bb3 d6 8.exd6 Bxd6
9.d4 O-O 10.Be3 c4 11.Bc2 f5 12.Qe2 Qc7 13.b3 Ne7 14.Bd2 Ned5 15.Re1 Bd7
16.Ne5 Bxe5 17.Qxe5 Rac8 18.Qe2 Rf6 19.Rc1 Qd6 20.a4 a5 21.bxc4 Nxc4 22.Bb3 Ndb6
23.g3 Rg6 24.Bc2 Bc6 25.Rf1 Nb2 26.Be3 Qd5 27.f3 Bxa4 28.Bxa4 N2xa4 29.Rc1 Qc4
30.Qe1 Nb2 31.Na3 Qd5 32.Qe2 N2c4 33.Nc2 e5 34.f4 e4 35.Na3 Nxa3 36.Rxa3 Nc4
37.Raa1 Rb6 38.Rcb1 Rxb1+ 39.Rxb1 b5 40.Bc1 Nd6 41.Ba3 Rxc3 42.Bxd6 Qxd4+
43.Kh1 Qxd6 44.Qxb5 Rc5 45.Qe8+ Qf8 46.Qe6+ Kh8 47.Rb7 a4 48.Rf7 Qg8 49.Qe7 Rc8
50.Rxf5 h6 51.Qa3 Qe6 52.Rf8+ Rxf8 53.Qxf8+ Kh7 54.Qb4 e3 55.Qxa4 e2 56.Qc2+ Kh8  0-1

[Event "3rd SPAChess Open"]
[Site "Amsterdam NED"]
[Date "2013.07.12"]
[Round "7.7"]
[White "Afek,Y"]
[Black "Cheung,J"]
[Result "1-0"]
[WhiteElo "2313"]
[BlackElo "2079"]

1.e4 c5 2.c3 Nf6 3.e5 Nd5 4.d4 cxd4 5.Nf3 Nc6 6.cxd4 d6 7.Bc4 e6 8.O-O Be7
9.Qe2 O-O 10.Re1 Qc7 11.a3 Rd8 12.Bd3 dxe5 13.dxe5 Bd7 14.Qe4 g6 15.Bh6 Be8
16.Nbd2 Rac8 17.Rac1 Qd7 18.Bb1 b5 19.Qg4 a5 20.Ne4 Qa7 21.Ba2 b4 22.Rcd1 bxa3
23.bxa3 Rb8 24.Bxd5 Rxd5 25.Rxd5 exd5 26.Nf6+ Bxf6 27.exf6 Qd7 28.Qf4 Rc8
29.h3 Qf5 30.Qd6 Bd7 31.g4 Qxf3 32.Qxd7  1-0

[Event "V4 Int Open ch-SVK 2013"]
[Site "Banska Stiavnica SVK"]
[Date "2013.07.12"]
[Round "7.10"]
[White "Peterson,Er"]
[Black "Lanc,A"]
[Result "1/2-1/2"]
[WhiteElo "2239"]
[BlackElo "2369"]

1.e4 c5 2.c3 Nf6 3.e5 Nd5 4.d4 cxd4 5.Qxd4 e6 6.Nf3 Nc6 7.Qe4 f5 8.Qe2 b5
9.g3 a5 10.Nh4 g6 11.Bg2 Qc7 12.O-O Be7 13.Re1 Ba6 14.Bxd5 exd5 15.Nf3 Nd8
16.Nd4 Ne6 17.Nxb5 Qc6 18.a4 d4 19.cxd4 Bb7 20.f3 O-O 21.N1c3 Qxf3 22.Qxf3 Bxf3
23.d5 Nc5 24.Nd4 Bg4 25.d6 Bd8 26.Nd5 Nd3 27.Re3 Nb4 28.Nxb4 axb4 29.Rb3 Re8
30.Rxb4 Rxe5 31.Bf4 Re4 32.Nc2 Re2 33.Nd4 Re4 34.Nc2 Re2 35.Nd4 Re4  1/2-1/2

[Event "Universiade Women"]
[Site "Kazan RUS"]
[Date "2013.07.12"]
[Round "6.6"]
[White "Mamedjarova,T"]
[Black "Guramishvili,S"]
[Result "0-1"]
[WhiteElo "2267"]
[BlackElo "2421"]

1.e4 c5 2.c3 Nf6 3.e5 Nd5 4.d4 cxd4 5.Nf3 e6 6.cxd4 Nc6 7.Bc4 d6 8.O-O Be7
9.Nc3 Nxc3 10.bxc3 dxe5 11.dxe5 Qxd1 12.Rxd1 O-O 13.Be3 Rd8 14.Rxd8+ Nxd8
15.Rd1 b6 16.Ng5 Nc6 17.Nf3 h6 18.h3 Na5 19.Bb5 Bb7 20.Rd7 Kf8 21.Nd2 Bc8
22.Rd3 a6 23.Bd7 Bxd7 24.Rxd7 Ke8 25.Rd3 b5 26.Bb6 Nc6 27.f4 Rb8 28.Bf2 Na5
29.g4 Rc8 30.Kg2 Nc4 31.Nxc4 Rxc4 32.f5 exf5 33.gxf5 Ra4 34.Rd2 Rf4 35.Bg3 Rxf5
36.c4 Bg5 37.Rd4 Be3 38.Re4 Bc5 39.cxb5 axb5 40.a4 bxa4 41.Rxa4 Kd7 42.Ra6 h5
43.h4 g6 44.Ra2 Ke6 45.Ra6+ Ke7 46.Ra4 Be3 47.Re4 Bc5 48.Rc4 Bb6 49.Bf4 Kd7
50.Bg3 Be3 51.Re4 Bc5 52.Re1 Ke6 53.Rd1 Be3 54.Rd6+ Ke7 55.Ra6 Bf4 56.Be1 Bxe5
57.Bb4+ Kd7 58.Bd2 Bd6 59.Be3 Bf4 60.Bd4 Bd6 61.Be3 Ke6 62.Bf2 Kd7 63.Be3 Rd5
64.Ra2 Be7 65.Bf2 Ke6 66.Re2+ Re5 67.Rxe5+ Kxe5 68.Kf3 Kf5 69.Be1 Bd6 70.Bf2 f6
71.Be1 Bf4 72.Bf2 g5 73.hxg5 fxg5 74.Bh4 g4+ 75.Kg2 Bg5 76.Bg3 h4 77.Bf2 h3+
78.Kg1 Ke4 79.Be1 Kf3 80.Kh2 Be3 81.Bh4 Bf2  0-1